Statistics for Official Names of Countries in Asia Quiz-With a Map

Click here to take the quiz!

General Stats

  • This quiz has been taken 14 times
  • The average score is 18 of 48

Answers on the Map

Answers color-coded by a green-red scale on the quiz's map according to % correct below.
 

Answer Stats

Country% Correct
People's Republic of China
77%
The Republic of China
69%
The Republic of Korea
69%
United Arab Emirates
69%
Mongolia
62%
the Republic of Turkey
62%
Republic of Armenia
54%
Republic of Iraq
54%
The Kingdom of Saudi Arabia
54%
the Republic of India
54%
Hashemite Kingdom of Jordan
46%
Islamic Republic of Iran
46%
Kingdom of Bahrain
46%
Kingdom of Thailand
46%
Republic of Azerbaijan
46%
Republic of Cyprus
46%
Republic of Kazakhstan
46%
Republic of Tajikistan
46%
Republic of Turkmenistan
46%
Republic of Uzbekistan
46%
Republic of Yemen
46%
The Republic of Georgia
46%
Kingdom of Bhutan
38%
Republic of Indonesia
38%
Republic of Maldives
38%
Republic of the Philippines
38%
State of Israel
38%
the Republic of Singapore
38%
The Republic of Singapore
38%
Democratic People's Republic of Korea
31%
Kingdom of Cambodia
31%
Islamic Republic of Afghanistan
23%
Islamic Republic of Pakistan
23%
Kyrgyz Republic
23%
Lebanese Republic
23%
State of Japan
23%
State of Kuwait
23%
State of Qatar
23%
Sultanate of Oman
23%
People's Republic of Bangladesh
15%
The Syrian Arab Republic
15%
Democratic Republic of Timor-Leste
8%
Federation of Malaya
8%
Lao People's Democratic Republic
8%
Negara Brunei Darussalam
8%
Republic of the Union of Myanmar
8%
Socialist Republic of Vietnam
8%
The Federal Democratic Republic of Nepal,
8%

Score Distribution

Percentile by Number Answered

Percent of People with Each Score

Your Score History

You have not taken this quiz